000 00409cam a2200169ua 4500
001 5083
008 120812n ii |||gr||||Z||||||eng
020 _a81-85986-07-X
040 _cMAIN
082 _a923.954
100 _aNarayan, R. K.,
_eAuthor.,
245 1 1 _aGuide
_cby R. K. Narayan
250 _a1st.
260 _aChennai:
_bIndian thought publications,
_c2005.
300 _a247p:
_c23cm.
942 _cBK
999 _c4267
_d4267